000 00350nam a2200121Ia 4500
005 20251222144805.0
008 251222s9999||||xx |||||||||||||| ||spa||
082 _a331.120.42/A64
100 _aAparicio Valdéz, Luis
245 0 _aPolítica Laboral en el Grupo Andino
264 _bUniversidad del Pacífico - Centro de Investigación
942 _cLIB
999 _c19873
_d19873